000 00571nam a2200181 a 4500
001 1684
005 20140414131847.0
008 001109s19uu xx 00 eng d
020 _a0-7496-2244-X
050 _aM 380
_bO98 1994
100 _aOxdale, Chris
245 _aThe x-ray picture book of fantastic transport machines /
_cwritten by Chris Oxdale, created and designed by David Salariya.
260 _aLondon :
_bWatts Books,
_c1994.
300 _a48 p. : ill. ; cm.
440 _aThe x-ray picture book of . . .
650 _aTransportation.
999 _c109999
_d109999